Les chansons de PLK - Mort subite #2 - Statistiques

Statistiques générales
  • Ce quiz a été pris 1 210 fois
  • Le résultat moyen est 12 sur 18
Answers on the Grid
Answers color-coded by a green-red scale on the quiz's grid according to % correct below.
Le P
Polak
Monégasque
Problèmes
All night
Mental
On sait jamais
Dingue
Aimer
Casino
Bunkoeur
Cash
Intro
Pelo
Décembre
10 minutes
260
TT
Novembre
Naha
Comme pas deux
Octobre
5 minutes
PP
130
Ne pleure pas
Ma Baby
Au DD
 
Statistiques - réponses
Réponse % Correct
Monégasque
84%
Polak
84%
Problèmes
83%
All night
77%
Dingue
77%
Mental
72%
Bunkoeur
71%
On sait jamais
68%
Pelo
68%
Décembre
63%
Aimer
62%
Cash
59%
Casino
58%
TT
52%
Intro
51%
260
50%
10 minutes
49%
Le P
48%
Aucun quiz correspondant
Distribution des résultats
% des personnes avec chaque résultat
Percentile par nombre de réponses
Votre historique - résultats
Vous n’avez pas pris ce quiz